[Event "Esbjerg"]
[Site "Esbjerg"]
[Date "1985.??.??"]
[Round "8"]
[White "Csom, Istvan"]
[Black "Ftacnik, Lubomir"]
[Result "1/2-1/2"]
[WhiteElo "2465"]
[BlackElo "2500"]

1.c4 c5 2.Nf3 Nf6 3.g3 b6 4.Bg2 Bb7 5.O-O g6 6.b3 Bg7 7.Bb2 O-O 8.Nc3 Na6
9.Rc1 e6 10.d4 d5 11.cxd5 Nxd5 12.Nxd5 Bxd5 13.Ba3 Rc8 14.Qd3 Nb4 15.Bxb4 cxb4
16.Rfd1 Rxc1 17.Rxc1 Bxf3 18.Bxf3 Qxd4 19.Qxd4 Bxd4 20.Rc7 a5 21.Bb7 Bc5  1/2-1/2

[Event "Esbjerg"]
[Site "Esbjerg"]
[Date "1985.??.??"]
[Round "9"]
[White "Rodgaard, John"]
[Black "Olafsson, Helgi"]
[Result "0-1"]
[WhiteElo "2365"]
[BlackElo "2515"]

1.Nf3 c5 2.c4 Nf6 3.g3 b6 4.Bg2 Bb7 5.O-O g6 6.b3 Bg7 7.Bb2 O-O 8.Nc3 Na6
9.a3 e6 10.Rc1 d5 11.cxd5 exd5 12.d4 Qe7 13.e3 Rfd8 14.Rc2 Nc7 15.Ne2 Ne6
16.Qa1 a5 17.a4 Ne4 18.Rd1 Rac8 19.Nf4 Nxf4 20.gxf4 c4 21.bxc4 dxc4 22.Rdc1 Bd5
23.Ne1 g5 24.Qa3 Qe6 25.f3 Bf8 26.Qa1 Nc5 27.e4 Nb3 28.Qb1 Nxc1 29.Qxc1 Bb4
30.f5 Qf6 31.exd5 c3 32.Ba1 Qxd4+ 33.Kf1 h6 34.Re2 Bc5 35.Ra2 Re8 36.Qxc3 Qg1+  0-1

[Event "Bundesliga 8485"]
[Site "Germany"]
[Date "1985.??.??"]
[Round "?"]
[White "Schuh, Hubert"]
[Black "Wolf, Volker"]
[Result "1/2-1/2"]
[WhiteElo "2310"]
[BlackElo "2315"]

1.Nf3 Nf6 2.c4 c5 3.g3 b6 4.Bg2 Bb7 5.O-O g6 6.b3 Bg7 7.Bb2 O-O 8.e3 Na6
9.Qe2 e6 10.Rd1 Qe7 11.d3 d5 12.Nbd2 Rfd8 13.e4 dxe4 14.dxe4 Nb4 15.e5 Ne8
16.Ne4 Rxd1+ 17.Rxd1 Nxa2 18.Nfg5 Bxe4 19.Qxe4 Rd8 20.Rxd8 Qxd8 21.Qf4 Qe7
22.Ne4 Qd7 23.Nf6+ Nxf6 24.exf6 Bf8 25.Qb8 Nb4 26.Bf1 Qd2 27.Ba1 Qa2 28.Bc3 Nc6
29.Qa8 Nd4 30.b4 Qa3 31.Bxd4 cxd4 32.b5 e5 33.Kg2 h5 34.h3 Qd6 35.Bd3 Qxf6
36.c5 bxc5 37.Qxa7 c4 38.Bxc4 e4 39.Kg1 Kg7 40.Bd5 d3 41.Bxe4 d2 42.Bc2 Qe5
43.Qa4 Qe1+ 44.Kg2 Bc5 45.Qf4  1/2-1/2

[Event "Bundesliga 8485"]
[Site "Germany"]
[Date "1985.??.??"]
[Round "?"]
[White "Robatsch, Karl"]
[Black "Miles, Anthony J"]
[Result "0-1"]
[WhiteElo "2430"]
[BlackElo "2570"]

1.Nf3 Nf6 2.c4 b6 3.g3 c5 4.Bg2 Bb7 5.O-O g6 6.d4 cxd4 7.Qxd4 Nc6 8.Qf4 Bg7
9.Nc3 Rc8 10.Bd2 Na5 11.b3 d5 12.Rad1 Nh5 13.Qh4 Nxc4 14.bxc4 Rxc4 15.Qg5 Rxc3
16.Bxc3 Bxc3 17.Nd4 Qd7 18.Qe3 Bb4 19.Qb3 Bc5 20.Nb5 Nf6 21.e4 Bc6 22.a4 a6
23.exd5 Bxb5 24.axb5 axb5 25.d6 Bxd6 26.Rc1 O-O 27.Rc6 Bc5 28.Qxb5 Qd2 29.Rxc5 bxc5
30.Qxc5 Qe2 31.h3 Rd8 32.Qc6 Rd3 33.Qa8+ Kg7 34.Qa1 Rd7 35.Re1 Qd3 36.Re3 Qc2
37.Re1 h5 38.Qc1 Qxc1 39.Rxc1 h4 40.g4 Rd4 41.Rc7 e6 42.Kf1 Nh7 43.Ke2 Ng5
44.Rc3 e5 45.Rc5 Kf6 46.Rc6+ Ne6 47.Ke3 Kg5 48.Be4 Nf4 49.Rc5 f6  0-1

[Event "Nordic-ch"]
[Site "Gjovik"]
[Date "1985.??.??"]
[Round "?"]
[White "Olafsson, Helgi"]
[Black "Schussler, Harry"]
[Result "1/2-1/2"]
[WhiteElo "2515"]
[BlackElo "2465"]

1.Nf3 Nf6 2.c4 b6 3.g3 c5 4.Bg2 Bb7 5.O-O g6 6.Nc3 Bg7 7.d4 cxd4 8.Nxd4 Bxg2
9.Kxg2 Qc7 10.b3 Qb7+ 11.f3 Nc6 12.Nc2  1/2-1/2

[Event "URS-ch sf"]
[Site "Kostroma"]
[Date "1985.??.??"]
[Round "6"]
[White "Kochyev, Alexander"]
[Black "Kuporosov, Viktor"]
[Result "1/2-1/2"]
[WhiteElo "2465"]
[BlackElo "2355"]

1.Nf3 Nf6 2.c4 b6 3.g3 c5 4.Bg2 Bb7 5.O-O g6 6.b3 Bg7 7.Bb2 O-O 8.e3 d5 9.Na3 e6
10.Qe2 Nbd7 11.d4 Qe7 12.dxc5 Nxc5 13.Rfd1 dxc4 14.Nxc4 Rfd8 15.Rxd8+ Rxd8
16.Rd1 Rxd1+ 17.Qxd1 Qd7 18.Qxd7 Nfxd7 19.Bxg7 Kxg7 20.Ne1 Bxg2 21.Kxg2 Nb7
22.Kf3 Kf6 23.Ke2 Ne5 24.Nxe5 Kxe5 25.Nd3+ Kd6 26.e4 Nd8 27.f4 Nc6 28.Ke3 f6
29.b4 e5 30.a3 Nd4 31.a4  1/2-1/2

[Event "Lugano op"]
[Site "Lugano"]
[Date "1985.??.??"]
[Round "5"]
[White "Dresen, Ulrich"]
[Black "Short, Nigel D"]
[Result "0-1"]
[WhiteElo "2300"]
[BlackElo "2535"]

1.Nf3 Nf6 2.c4 b6 3.g3 c5 4.Bg2 Bb7 5.O-O g6 6.b3 Bg7 7.Bb2 O-O 8.Nc3 a6
9.e3 d6 10.Qe2 Nbd7 11.Rfd1 Qc7 12.Rac1 e6 13.Ne1 Bxg2 14.Nxg2 Rfe8 15.d3 Rad8
16.Ne1 Qb7 17.Qf3 d5 18.Ne2 Qb8 19.cxd5 exd5 20.d4 Ne4 21.Nd3 Qa8 22.h4 Rc8
23.Nef4 c4 24.bxc4 dxc4 25.Nb4 a5 26.Nbd5 b5 27.Qe2 Nd6 28.a3 Qb7 29.Bc3 Ra8
30.Be1 h6 31.Qf3 Nb6 32.Rb1 Na4 33.Qg2 Qd7 34.Ne2 Ne4 35.Nec3 Naxc3 36.Nxc3 Nxc3
37.Bxc3 Bf8 38.Ra1 Ra7 39.d5 b4 40.axb4 axb4 41.Rxa7 Qxa7 42.Ra1 Qb8 43.Bd4 c3
44.Qf3 Bg7 45.Bxg7 Kxg7 46.h5 g5 47.Ra6 c2 48.Qf6+ Kg8 49.Rc6 b3 50.Qxh6 Qe5
51.f4 Qg7  0-1

[Event "URS-chI"]
[Site "Minsk"]
[Date "1985.??.??"]
[Round "3"]
[White "Mikhalchishin, Adrian"]
[Black "Ivanov, Alexander"]
[Result "1/2-1/2"]
[WhiteElo "2505"]
[BlackElo "2400"]

1.Nf3 Nf6 2.c4 b6 3.g3 Bb7 4.Bg2 c5 5.O-O g6 6.Nc3 Bg7 7.d4 cxd4 8.Qxd4 Nc6
9.Qf4 Rc8 10.Rb1 a6 11.b3 b5 12.cxb5 axb5 13.Nxb5 Ba6 14.a4 O-O 15.Rd1 Rb8
16.Nbd4 Nb4 17.Ba3 Qb6 18.Qd2  1/2-1/2

[Event "URS-chI"]
[Site "Minsk"]
[Date "1985.??.??"]
[Round "10"]
[White "Razuvaev, Yuri S"]
[Black "Gulko, Boris F"]
[Result "1/2-1/2"]
[WhiteElo "2520"]
[BlackElo "2475"]

1.Nf3 Nf6 2.c4 b6 3.g3 Bb7 4.Bg2 c5 5.O-O g6 6.b3 Bg7 7.Bb2 O-O 8.Nc3 Na6
9.d4 d5 10.dxc5 Nxc5 11.Nxd5 Nxd5 12.Bxg7 Kxg7 13.cxd5 Qxd5 14.Qd4+ Qxd4
15.Nxd4 Bxg2 16.Kxg2 Rfd8  1/2-1/2

[Event "URS-chI"]
[Site "Minsk"]
[Date "1985.??.??"]
[Round "13"]
[White "Mikhalchishin, Adrian"]
[Black "Kengis, Edvins"]
[Result "1/2-1/2"]
[WhiteElo "2505"]
[BlackElo "2430"]

1.Nf3 Nf6 2.c4 b6 3.g3 c5 4.Bg2 Bb7 5.O-O g6 6.d4 cxd4 7.Qxd4 Bg7 8.Nc3 Nc6
9.Qf4 Qb8 10.Rd1 Qxf4 11.Bxf4 Na5 12.Rac1 O-O 13.b3 Rac8 14.Bh3 e6 15.Nb5 Bxf3
16.exf3 Nc6 17.Bd6 Rfd8 18.f4 Ne8 19.Ba3 Bf8 20.Bb2 Bg7 21.Ba3 Bf8 22.Bb2 Bg7
23.Bxg7 Kxg7 24.Rd2 a6 25.Nc3 d6 26.Rcd1 Ne7 27.Bf1 d5 28.Rd3 Nf6 29.cxd5 Nexd5  1/2-1/2

[Event "Moscow-B"]
[Site "Moscow"]
[Date "1985.??.??"]
[Round "?"]
[White "Belov, Igor"]
[Black "Eingorn, Vereslav S"]
[Result "1/2-1/2"]
[WhiteElo "2200"]
[BlackElo "2525"]

1.Nf3 Nf6 2.c4 b6 3.g3 c5 4.Bg2 Bb7 5.O-O g6 6.Nc3 Bg7 7.d3 O-O 8.e4 Ne8
9.Be3 e5 10.Nd5 d6 11.Qd2 Nc7 12.Bg5 f6 13.Be3 Nc6 14.h4  1/2-1/2

[Event "Moscow-B"]
[Site "Moscow"]
[Date "1985.??.??"]
[Round "?"]
[White "Spassov, Liuben"]
[Black "Szekely, Peter"]
[Result "1/2-1/2"]
[WhiteElo "2415"]
[BlackElo "2415"]

1.Nf3 Nf6 2.c4 b6 3.g3 c5 4.Bg2 Bb7 5.O-O g6 6.b3 Bg7 7.Bb2 O-O 8.Nc3 d5
9.cxd5 Nxd5 10.Qc2 Nc6 11.Nxd5 Qxd5 12.Bxg7 Kxg7 13.Qb2+  1/2-1/2

[Event "Naestved"]
[Site "Naestved"]
[Date "1985.??.??"]
[Round "6"]
[White "Andersson, Ulf"]
[Black "Ftacnik, Lubomir"]
[Result "1/2-1/2"]
[WhiteElo "2590"]
[BlackElo "2500"]

1.Nf3 Nf6 2.c4 c5 3.g3 b6 4.Bg2 Bb7 5.O-O g6 6.b3 Bg7 7.Bb2 O-O 8.d4 e6 9.e3 Na6
10.Nbd2 Qe7 11.Qe2 d5 12.Ne5 Rac8 13.Rfd1 Ne4 14.Rac1 Rfd8 15.h4 Nxd2 16.Rxd2 Bxe5
17.dxe5 dxc4 18.Rd6 Bxg2 19.Kxg2 Rxd6 20.exd6 Qxd6 21.Rd1 Qc6+  1/2-1/2

[Event "Paz e Amizade"]
[Site "Paz e Amizade"]
[Date "1985.??.??"]
[Round "?"]
[White "Elguezabal Varela, Daniel"]
[Black "Santos, Luis"]
[Result "0-1"]
[WhiteElo "2285"]
[BlackElo "2345"]

1.c4 Nf6 2.Nf3 c5 3.g3 b6 4.Bg2 Bb7 5.O-O g6 6.b3 Bg7 7.Bb2 O-O 8.e3 e6 9.d4 Qe7
10.Qe2 d6 11.Nc3 Nbd7 12.Rfd1 a6 13.Rd2 Rfd8 14.Rad1 Rab8 15.e4 cxd4 16.Nxd4 Nc5
17.b4 Ncd7 18.Nb3 Ne8 19.f4 Ba8 20.a3 Rbc8 21.Na4 b5 22.cxb5 axb5 23.Qxb5 Bc6
24.Qa6 Bxa4 25.Qxa4 Nb6 26.Qa6 Nc4 27.Bxg7 Nxd2 28.Nxd2 Kxg7 29.Qd3 Qc7 30.Nb3 Qa7+
31.Qd4+ Qxd4+ 32.Nxd4 Rc3 33.Nb5 Rc2 34.Rd3 Kf8 35.Nd4 Rc1+ 36.Kf2 Rdc8 37.Bf3 R8c3
38.Ke3 Nc7 39.Kd2 Rc4 40.Bd1 Rb1 41.Bc2 Rh1 42.Nf3 Ke7 43.Rb3 Ra1 44.Bb1 Nb5
45.Bd3 Ra2+ 46.Kd1 Rc3 47.Rxc3 Nxc3+ 48.Kc1 Na4 49.e5 Rxa3 50.exd6+ Kxd6
51.Ne5 Ra1+ 52.Kd2 f6 53.Nc4+ Kc7 54.Ne3 Nb6 55.h4 Nd5  0-1

[Event "Paz e Amizade"]
[Site "Paz e Amizade"]
[Date "1985.??.??"]
[Round "?"]
[White "Elguezabal Varela, Daniel"]
[Black "Fernandes, Antonio"]
[Result "1/2-1/2"]
[WhiteElo "2285"]
[BlackElo "2410"]

1.Nf3 c5 2.c4 Nf6 3.g3 b6 4.Bg2 Bb7 5.O-O g6 6.b3 Bg7 7.Bb2 O-O 8.Nc3 Re8
9.d4 a6 10.Qd2 d6 11.Rfe1 Nbd7 12.e4 cxd4 13.Nxd4 Rc8 14.Rad1 Rc7 15.Nd5 Nxd5
16.exd5 Qa8 17.f4 Nf6 18.a4 Nd7 19.Re3 Nc5 20.Rde1 Qd8 21.Qb4 Rc8 22.R1e2 Qc7
23.Bh3 f5 24.Qe1 e5 25.dxe6 Ne4 26.Rc2 h5 27.Bg2 Bxd4 28.Bxd4 Rxe6 29.Ba1 Kh7
30.h3 Rce8 31.g4 Qf7 32.Rce2 R8e7 33.Bf3 Bc6 34.Qh4 fxg4 35.Bxg4 Qxf4 36.Rf3 Qg5
37.Qxg5 Nxg5 38.Kf2 Nxf3 39.Bxe6 Ng5 40.Bf6 Rxe6 41.Bxg5 Rxe2+ 42.Kxe2 Kg7
43.Bf4  1/2-1/2

[Event "Rubinstein mem"]
[Site "Polanica Zdroj"]
[Date "1985.??.??"]
[Round "10"]
[White "Cvitan, Ognjen"]
[Black "Sygulski, Artur"]
[Result "0-1"]
[WhiteElo "2465"]
[BlackElo "2445"]

1.Nf3 Nf6 2.c4 c5 3.g3 b6 4.Bg2 Bb7 5.O-O g6 6.Nc3 Bg7 7.d4 cxd4 8.Qxd4 O-O
9.Qh4 d6 10.Bh6 Qc8 11.Bh3 Qc5 12.Ng5 Nh5 13.Nge4 Qe5 14.Bg5 f5 15.Bf4 Qe6
16.Ng5 Qxc4 17.Rac1 h6 18.Nce4 Nxf4 19.Qxf4 Qd5  0-1

[Event "DSV-Turnier"]
[Site "Potsdam"]
[Date "1985.??.??"]
[Round "6"]
[White "Kirov, Nino"]
[Black "Garcia Gonzales, Guillermo"]
[Result "1/2-1/2"]
[WhiteElo "2435"]
[BlackElo "2440"]

1.Nf3 Nf6 2.g3 b6 3.Bg2 Bb7 4.O-O c5 5.c4 g6 6.Nc3 Bg7 7.d4 cxd4 8.Qxd4 Nc6
9.Qh4 h6 10.Nd4 g5 11.Nxc6 dxc6 12.Qh3 Qd7 13.a4 Qxh3 14.Bxh3 Nd7 15.a5 Bxc3
16.bxc3 c5 17.f4 e6 18.Bg2 Bxg2 19.Kxg2 g4 20.axb6 Nxb6 21.Be3 Rc8 22.Rxa7 Nxc4
23.Bg1 Nd6 24.Ra6 Ke7 25.Ra7+ Kf6 26.Rd7 Ne4 27.f5 e5 28.Ra1  1/2-1/2

[Event "Prague zt"]
[Site "Prague"]
[Date "1985.??.??"]
[Round "12"]
[White "Csom, Istvan"]
[Black "Stempin, Pawel"]
[Result "0-1"]
[WhiteElo "2480"]
[BlackElo "2390"]

1.c4 c5 2.Nf3 Nf6 3.g3 b6 4.Bg2 Bb7 5.O-O g6 6.b3 Bg7 7.Bb2 O-O 8.Nc3 Na6
9.Rc1 e6 10.d4 d5 11.cxd5 exd5 12.dxc5 Nxc5 13.Nb5 Qd7 14.Nbd4 Nfe4 15.Rc2 a5
16.Qb1 Rfe8 17.Ba1 Ba6 18.Rd1 Rac8 19.a3 Qe7 20.Bh3 Rc7 21.b4 axb4 22.axb4 Bc4
23.bxc5 bxc5 24.Nb5 Rb7 25.Bxg7 Rxb5 26.Qa1 Bb3 27.Bh6 d4 28.Nxd4 cxd4 29.Qxd4 f5
30.Rcc1 Rd5 31.Qa1 Nxf2 32.Bg2 Rxd1+ 33.Rxd1 Nxd1 34.Qb1 Qc5+ 35.e3 Rxe3  0-1

[Event "Sarajevo"]
[Site "Sarajevo"]
[Date "1985.??.??"]
[Round "8"]
[White "Andersson, Ulf"]
[Black "Kurajica, Bojan"]
[Result "1-0"]
[WhiteElo "2575"]
[BlackElo "2535"]

1.Nf3 Nf6 2.c4 b6 3.g3 c5 4.Bg2 Bb7 5.O-O g6 6.b3 d6 7.Bb2 Bg7 8.Nc3 O-O
9.d4 cxd4 10.Qxd4 Ne4 11.Qe3 Nd7 12.Rac1 Ndc5 13.Rfd1 f5 14.b4 Ne6 15.Nxe4 Bxe4
16.Bxg7 Nxg7 17.c5 bxc5 18.bxc5 Qa5 19.Ng5 Bxg2 20.Kxg2 Qxa2 21.cxd6 f4 22.Qd3 Rad8
23.Ra1 Qb2 24.Rxa7 fxg3 25.Qc4+ e6 26.hxg3 Qe5 27.Qc7 Rde8 28.Rd3  1-0

[Event "BUL-ch"]
[Site "Sofia"]
[Date "1985.??.??"]
[Round "3"]
[White "Dobrev, Nanko"]
[Black "Danailov, Silvio"]
[Result "0-1"]
[WhiteElo "2275"]
[BlackElo "2445"]

1.Nf3 c5 2.c4 b6 3.g3 Bb7 4.Bg2 Nf6 5.O-O g6 6.Nc3 Bg7 7.d3 O-O 8.e4 d6 9.Re1 Nc6
10.Nd5 Nd7 11.Rb1 e6 12.Nc3 Nde5 13.a3 Qd7 14.Be3 Nxf3+ 15.Bxf3 Nd4 16.Bg2 f5
17.Ne2 e5 18.f4 fxe4 19.dxe4 Bh6 20.Rf1 Rf7 21.Nc3 Raf8 22.Qd2 exf4 23.Bxf4 Bxf4
24.Rxf4 Rxf4 25.gxf4 Qf7 26.Rf1 Qxc4 27.f5 Qf7 28.f6 Qe6 29.Qf4 Qe5 30.Qh4 Rf7
31.Rf2 b5 32.Bf1 a6 33.a4 Bc6 34.axb5 axb5 35.Bg2 Ne6 36.Nd1 Qd4 37.Nc3 Qe5
38.Rf1 Ng5 39.Qf2 b4 40.Nd5 Nxe4 41.Ne7+ Rxe7  0-1

[Event "Tallinn"]
[Site "Tallinn"]
[Date "1985.??.??"]
[Round "?"]
[White "Kochyev, Alexander"]
[Black "Drasko, Milan"]
[Result "1/2-1/2"]
[WhiteElo "2465"]
[BlackElo "2460"]

1.Nf3 Nf6 2.g3 b6 3.Bg2 Bb7 4.O-O c5 5.c4 g6 6.b3 Bg7 7.Bb2 O-O 8.Nc3 Na6
9.e3 d5 10.Nxd5 Nxd5 11.Bxg7 Kxg7 12.cxd5 Qxd5 13.d4 Rfd8 14.Rc1 Rac8 15.Nh4 Qd7
16.Bxb7  1/2-1/2

[Event "Tallinn"]
[Site "Tallinn"]
[Date "1985.??.??"]
[Round "?"]
[White "Pribyl, Josef"]
[Black "Veingold, Aleksandr"]
[Result "1/2-1/2"]
[WhiteElo "2405"]
[BlackElo "2435"]

1.c4 Nf6 2.Nf3 b6 3.g3 c5 4.Bg2 Bb7 5.O-O g6 6.b3 Bg7 7.Bb2 O-O 8.Nc3 d5
9.Nxd5 Nxd5 10.Bxg7 Kxg7 11.cxd5 Qxd5 12.d4  1/2-1/2

[Event "Trencianske Teplice"]
[Site "Trencianske Teplice"]
[Date "1985.??.??"]
[Round "2"]
[White "Meduna, Eduard"]
[Black "Ftacnik, Lubomir"]
[Result "1/2-1/2"]
[WhiteElo "2425"]
[BlackElo "2500"]

1.Nf3 Nf6 2.g3 b6 3.Bg2 Bb7 4.O-O c5 5.c4 g6 6.b3 Bg7 7.Bb2 O-O 8.Nc3 e6
9.e3 Na6 10.d4 d5 11.cxd5 exd5 12.Qe2  1/2-1/2

[Event "Zagreb"]
[Site "Zagreb"]
[Date "1985.??.??"]
[Round "?"]
[White "Hulak, Krunoslav"]
[Black "Cebalo, Miso"]
[Result "1/2-1/2"]
[WhiteElo "2450"]
[BlackElo "2485"]

1.Nf3 Nf6 2.g3 b6 3.Bg2 Bb7 4.c4 c5 5.O-O g6 6.b3 Bg7 7.Bb2 O-O 8.Nc3 Na6
9.Rc1 d5 10.Nxd5 Nxd5 11.Bxg7 Kxg7 12.cxd5 Bxd5 13.d4 Rc8 14.dxc5  1/2-1/2

[Event "Zagreb"]
[Site "Zagreb"]
[Date "1985.??.??"]
[Round "?"]
[White "Cvitan, Ognjen"]
[Black "Ribli, Zoltan"]
[Result "1/2-1/2"]
[WhiteElo "2465"]
[BlackElo "2615"]

1.Nf3 Nf6 2.c4 b6 3.g3 Bb7 4.Bg2 c5 5.O-O g6 6.Nc3 Bg7 7.d4 cxd4 8.Qxd4 Nc6
9.Qf4 Rc8 10.Rd1 O-O 11.Qh4  1/2-1/2

[Event "Biel-JMT"]
[Site "Biel"]
[Date "1986.??.??"]
[Round "?"]
[White "Csom, Istvan"]
[Black "Costa, Jean Luc"]
[Result "1/2-1/2"]
[WhiteElo "2505"]
[BlackElo "2315"]

1.Nf3 Nf6 2.g3 b6 3.Bg2 Bb7 4.O-O c5 5.c4 g6 6.b3 Bg7 7.Bb2 O-O 8.Nc3 d5
9.Nxd5 Nxd5 10.Bxg7 Kxg7 11.cxd5 Qxd5 12.d4 cxd4 13.Qxd4+ Qxd4 14.Nxd4 Bxg2
15.Kxg2 Rc8 16.Rac1 Nd7 17.Nb5 a5 18.f3 Nc5 19.Kf2 Rd8 20.Rfd1 Rac8 21.Ke3 Rxd1
22.Rxd1 Kf8 23.Na7 Ra8 24.Nb5 Rc8 25.Na7 Ra8 26.Nc6 f6 27.Nd4 Ke8 28.Nb5 Rc8
29.Rc1 Kd7 30.Rd1+ Ke8 31.Na3 a4 32.Rb1 axb3 33.axb3 Kd7 34.Nb5 Nb7 35.Rd1+ Nd6
36.Nxd6 exd6 37.Kd3 Ra8 38.Rd2 Ra5 39.Kc4 Rc5+ 40.Kd4 Rb5 41.Rb2 Ra5 42.Kc4 Kc6
43.b4 Ra1 44.Rc2 h5 45.Kb3+ Kd7 46.Kc4 Kc6 47.Kb3+ Kd7  1/2-1/2

[Event "Biel-JMT"]
[Site "Biel"]
[Date "1986.??.??"]
[Round "?"]
[White "Cramling, Dan"]
[Black "Csom, Istvan"]
[Result "1/2-1/2"]
[WhiteElo "2415"]
[BlackElo "2505"]

1.c4 c5 2.Nf3 b6 3.g3 Bb7 4.Bg2 Nf6 5.O-O g6 6.b3 Bg7 7.Bb2 O-O 8.Nc3 Na6
9.d4 e6 10.Rc1 Qe7 11.d5 d6 12.Ne1 exd5 13.cxd5 Nc7 14.a4 Rfe8 15.Qd2 Qd7
16.e4 b5 17.f3 bxa4 18.bxa4 Rab8 19.Ba1 Ba6 20.Nd3 Na8 21.Rfe1  1/2-1/2

[Event "Bor"]
[Site "Bor"]
[Date "1986.??.??"]
[Round "9"]
[White "Dizdarevic, Emir"]
[Black "Eingorn, Vereslav S"]
[Result "0-1"]
[WhiteElo "2470"]
[BlackElo "2570"]

1.Nf3 Nf6 2.c4 b6 3.g3 c5 4.Bg2 Bb7 5.O-O g6 6.b3 Bg7 7.Bb2 O-O 8.Nc3 a6
9.e3 e6 10.Qe2 d6 11.Rfd1 Nbd7 12.d4 Qc7 13.Ne1 cxd4 14.Rxd4 Bxg2 15.Nxg2 Rfc8
16.Rd2 Ne8 17.e4 Qb7 18.Nd1 b5 19.Bxg7 Kxg7 20.Nb2 Ne5 21.Nf4 bxc4 22.Nxc4 Nxc4
23.bxc4 Rxc4 24.Rc1 Rac8 25.Rdc2 Nf6 26.Nd3 R4c7 27.e5 dxe5 28.Qxe5 Qf3 29.Ne1 Qe4
30.Qxe4 Nxe4 31.f3 Nc5 32.Kf2 Rd7 33.Ke2 Rcd8 34.Rb1 Rd6 35.Rbb2 Rc8 36.Rb1 Kf6
37.Ng2 Rd3 38.Ne3 Ra3 39.Nd1 g5 40.Nf2 h5 41.Rd1 Ke7 42.Nd3 g4 43.f4 Ne4
44.Rdc1 h4 45.Nf2 Nc5 46.Rg1 hxg3 47.Rxg3 Rxg3 48.hxg3 f5 49.Nd3 Ne4 50.Ke3 Nxg3
51.Ne5 Rc7 52.Rb2 Ne4 53.Rh2 Kd6 54.Rh8 Rg7 55.Rc8 g3 56.Kf3 Rc7 57.Ra8 Kc5
58.Rxa6 Rb7 59.Kg2 Kd4 60.Ra3 Rh7 61.Kg1 Nc5 62.Kg2 Ke4 63.Ra5 Nb7 64.Ra7 Kxf4
65.Nd3+ Ke3 66.Nc5 Nxc5 67.Rxh7 f4 68.Rh1 Ke2 69.Rb1 e5 70.Rb2+ Ke3 71.Rb5 Kd3
72.Rb4 e4 73.a4 e3 74.a5 e2 75.Rb1 Ke3 76.Ra1 f3+ 77.Kxg3 f2 78.Ra3+ Nd3  0-1

[Event "Canada zt"]
[Site "Canada"]
[Date "1986.??.??"]
[Round "?"]
[White "Stone, Raymond"]
[Black "Baragar, Fletcher"]
[Result "1/2-1/2"]
[WhiteElo "2305"]
[BlackElo "2270"]

1.c4 Nf6 2.Nf3 b6 3.g3 c5 4.Bg2 Bb7 5.O-O g6 6.b3 Bg7 7.Bb2 O-O 8.Nc3 Nc6
9.d4 Nxd4 10.Nxd4 Bxg2 11.Kxg2 cxd4 12.Qxd4 Ne8 13.Qd2 Nc7 14.Rfd1 d6 15.Rac1 Rc8
16.Kg1 Qd7 17.a4 a6 18.Nd5 Bxb2 19.Qxb2 Nxd5 20.Rxd5 Rc5 21.Rcd1  1/2-1/2

[Event "Midwest Masters op"]
[Site "Chicago"]
[Date "1986.??.??"]
[Round "3"]
[White "Colias, Billy"]
[Black "Karklins, Andrew"]
[Result "1-0"]
[WhiteElo "2225"]
[BlackElo "2320"]

1.Nf3 Nf6 2.c4 b6 3.g3 c5 4.Bg2 Bb7 5.O-O g6 6.d4 cxd4 7.Nxd4 Bxg2 8.Kxg2 Bg7
9.Nc3 O-O 10.e4 Nc6 11.Nxc6 dxc6 12.Qe2 Ne8 13.Qc2 Nc7 14.Be3 Qc8 15.Rad1 f5
16.exf5 gxf5 17.f4 Qe6 18.Qd3 Rad8 19.Qxd8 Rxd8 20.Rxd8+ Kf7 21.Bd4 Bxd4
22.Rxd4 c5 23.Rd2 Qxc4 24.Rd7 Nb5 25.Re1 Nxc3 26.Rexe7+ Kf6 27.bxc3 Qxa2+
28.Kh3 a5 29.Rxh7 Ke6 30.Rhe7+ Kf6 31.Rh7 Ke6 32.Rhe7+ Kf6 33.Re8 a4 34.Rb7 Qc4
35.Rxb6+ Kf7 36.Ra8  1-0

[Event "Capablanca mem-A"]
[Site "Cienfuegos"]
[Date "1986.??.??"]
[Round "4"]
[White "Ivkov, Borislav"]
[Black "Eingorn, Vereslav S"]
[Result "1/2-1/2"]
[WhiteElo "2525"]
[BlackElo "2560"]

1.Nf3 Nf6 2.c4 b6 3.g3 c5 4.Bg2 Bb7 5.O-O g6 6.b3 Bg7 7.Bb2 O-O 8.Nc3 a6
9.d4 cxd4 10.Nxd4 Bxg2 11.Kxg2 d5 12.cxd5 Nxd5 13.Rc1  1/2-1/2

[Event "Capablanca mem-A"]
[Site "Cienfuegos"]
[Date "1986.??.??"]
[Round "6"]
[White "Kirov, Nino"]
[Black "Eingorn, Vereslav S"]
[Result "1/2-1/2"]
[WhiteElo "2485"]
[BlackElo "2560"]

1.Nf3 Nf6 2.g3 b6 3.Bg2 Bb7 4.c4 c5 5.O-O g6 6.Nc3 Bg7 7.d4 cxd4 8.Qxd4 d6
9.Bd2 Nbd7 10.Rac1 Rc8 11.b3  1/2-1/2

[Event "Copenhagen op"]
[Site "Copenhagen"]
[Date "1986.??.??"]
[Round "3"]
[White "Vadasz, Laszlo"]
[Black "Pigusov, Evgeny"]
[Result "1/2-1/2"]
[WhiteElo "2370"]
[BlackElo "2495"]

1.Nf3 Nf6 2.g3 c5 3.c4 b6 4.Bg2 Bb7 5.O-O g6 6.d4 cxd4 7.Qxd4 Bg7 8.Nc3 d6
9.Qh4 O-O 10.Rd1 Nbd7 11.Bh6 Rc8 12.b3 a6 13.Rac1 Rc5 14.Bxg7 Kxg7 15.Qd4 b5
16.cxb5 axb5 17.a4 bxa4 18.Nxa4 Rxc1 19.Rxc1 Qa5 20.Qe3 Rb8 21.Nd2 Bxg2 22.Kxg2 Ne5
23.Qc3 Qb5 24.Nf1 h5 25.f3 Qd5 26.Nb2 Kg8 27.Nd3 Nxd3 28.Qxd3 Qe6 29.Kf2 Nd5
30.Ra1 Nf6 31.Qe3 Qd7 32.Ra4 d5 33.Ra7  1/2-1/2

[Event "Elenite op"]
[Site "Elenite"]
[Date "1986.??.??"]
[Round "?"]
[White "Ivanov, Sergey"]
[Black "Trifunov, Dimitar"]
[Result "1/2-1/2"]
[WhiteElo "2375"]
[BlackElo "2265"]

1.Nf3 Nf6 2.g3 b6 3.Bg2 Bb7 4.O-O g6 5.c4 c5 6.b3 Bg7 7.Bb2 O-O 8.d4 Ne4
9.Nfd2 Nd6 10.Bxb7 Nxb7 11.Nf3 Nc6 12.Qd2 d5 13.cxd5 Nxd4 14.Nxd4 Qxd5 15.e3 cxd4
16.Bxd4 Bxd4 17.Qxd4 Qxd4 18.exd4 Rfd8 19.Rd1 Rac8 20.Na3 Nd6 21.Rac1 Nf5
22.Rxc8 Rxc8 23.Kf1 Nd6 24.f3 b5 25.Rd2 b4 26.Nc2 a5 27.Ne3 Nb5  1/2-1/2

[Event "Bundesliga 8586"]
[Site "Germany"]
[Date "1986.??.??"]
[Round "?"]
[White "Gruen, Peter"]
[Black "Brueckner, Thomas"]
[Result "0-1"]
[WhiteElo "2410"]
[BlackElo "2265"]

1.Nf3 Nf6 2.g3 b6 3.Bg2 Bb7 4.O-O c5 5.c4 g6 6.Nc3 Bg7 7.d4 cxd4 8.Nxd4 Bxg2
9.Kxg2 O-O 10.e3 Nc6 11.Nde2 Qc8 12.b3 Qb7 13.Bb2 Rfd8 14.Nf4 e6 15.h4 d5
16.cxd5 Nb4 17.a3 Nbxd5 18.Nfxd5 Nxd5 19.Qf3 Nxe3+ 20.fxe3 Rd2+ 21.Rf2 Qxf3+
22.Kxf3 Rxb2 23.Rxb2 Bxc3 24.Rab1 Bxb2 25.Rxb2 Rc8 26.Ke4 Kf8 27.Kd4 Ke7
28.a4 Rc1 29.h5 Rg1 30.hxg6 hxg6 31.Rc2 Kd6 32.Rc8 Rxg3 33.Ra8 Rg4+ 34.Kd3 a5
35.Rb8 Rb4 36.Kc3 Ke5  0-1

[Event "Havana-A"]
[Site "Havana"]
[Date "1986.??.??"]
[Round "?"]
[White "Rodriguez, Amador"]
[Black "Garcia Gonzales, Guillermo"]
[Result "1/2-1/2"]
[WhiteElo "2505"]
[BlackElo "2495"]

1.Nf3 Nf6 2.c4 b6 3.g3 c5 4.Bg2 Bb7 5.O-O g6 6.Nc3 Bg7 7.b3 d5 8.cxd5 Nxd5
9.Bb2 O-O 10.Rc1 Nd7 11.Qc2  1/2-1/2

[Event "NLD-ch"]
[Site "Hilversum"]
[Date "1986.??.??"]
[Round "4"]
[White "Boersma, Paulus A"]
[Black "Gelpke, Peter"]
[Result "1-0"]
[WhiteElo "2405"]
[BlackElo "2385"]

1.Nf3 Nf6 2.c4 b6 3.g3 Bb7 4.Bg2 c5 5.O-O g6 6.Nc3 Bg7 7.d4 cxd4 8.Qxd4 Nc6
9.Qf4 O-O 10.Qh4 Kh8 11.Rd1 d6 12.Bg5 Ng8 13.Rac1 Qe8 14.b3 Rb8 15.Be3 f6
16.Nd4 Nxd4 17.Qxd4 f5 18.Qd3 Bxg2 19.Kxg2 Nf6 20.Nd5 Rd8 21.a4 Rd7 22.f3 Qf7
23.b4 Rc8 24.b5 e6 25.Nb4 Ng8 26.Qa3 Ne7 27.a5 bxa5 28.Qxa5 Rcc7 29.Rxd6 Nc8
30.Rxd7 Qxd7 31.Na6  1-0

[Event "Holon op"]
[Site "Holon"]
[Date "1986.??.??"]
[Round "?"]
[White "Bersutzki, Gregory"]
[Black "Reshevsky, Samuel Herman"]
[Result "1/2-1/2"]
[WhiteElo "2240"]
[BlackElo "2485"]

1.Nf3 Nf6 2.c4 c5 3.g3 b6 4.Bg2 Bb7 5.O-O g6 6.b3 Bg7 7.Bb2 O-O 8.d3 d6 9.Nc3 Nc6
10.e4 Ne8 11.Qd2 Nc7 12.Nd5 e5 13.Nxc7 Qxc7 14.h4 h6 15.h5 g5 16.g4 Nd8 17.Ne1 Ne6
18.Nc2 Nf4 19.f3 a6 20.Bc3 Bc6 21.Ne3 Kh7 22.Rfc1 Rfe8 23.Rab1 a5 24.a4  1/2-1/2

[Event "HUN-ch"]
[Site "?"]
[Date "1986.??.??"]
[Round "?"]
[White "Schneider, Attila"]
[Black "Szekely, Peter"]
[Result "1/2-1/2"]
[WhiteElo "2440"]
[BlackElo "2430"]

1.Nf3 c5 2.c4 Nf6 3.g3 b6 4.Bg2 Bb7 5.O-O g6 6.b3 Bg7 7.Bb2 O-O 8.Nc3 Na6
9.Rc1 d5 10.Nxd5 Nxd5 11.Bxg7 Kxg7 12.cxd5 Qxd5 13.d4 Rfd8 14.dxc5 Qxd1 15.Rfxd1 Nxc5
16.Nd4  1/2-1/2

[Event "Lisboa"]
[Site "Lisboa"]
[Date "1986.??.??"]
[Round "?"]
[White "Davies, Nigel R"]
[Black "De Boer, Gert Jan"]
[Result "1-0"]
[WhiteElo "2410"]
[BlackElo "2430"]

1.Nf3 Nf6 2.g3 b6 3.Bg2 Bb7 4.O-O c5 5.c4 g6 6.Nc3 Bg7 7.d4 cxd4 8.Qxd4 O-O
9.Qh4 d6 10.Bh6 Nbd7 11.Rac1 Rc8 12.b3 Bxf3 13.Bxf3 Ne5 14.Bg2 Bxh6 15.Qxh6 e6
16.Rfd1 Qe7 17.Qd2 Rfd8 18.Qb2 Nc6 19.Rd2 Ne8 20.h4 f5 21.e3 Ne5 22.Qa3 Rc5
23.Na4 Rc7 24.Rcd1 Kf7 25.Nc3 Rc5 26.Nb5 Rd7 27.Qb4 h6 28.e4 fxe4 29.Bxe4 g5
30.hxg5 hxg5 31.Re2 Kg8 32.Nd4 Nf6 33.Bg2 g4 34.Qd2 Nh7 35.b4 Rxc4 36.Nxe6 Nf8
37.Nf4 Rc8 38.Qd4 Qg7 39.Bd5+ Kh8 40.Kg2 Qf6 41.Rh1+ Rh7 42.Rxh7+ Nxh7 43.Be6 Rc1
44.Bxg4 Ng5 45.Qb2 Rc7 46.Nd5 Qf7 47.Rxe5  1-0